000 01173ngm a22002770a 4500
001 PT19556
003 AR-LpoUNG
005 20210202000315.0
007 vd cvaizq
008 191001s1957||||ag |||||||||||||||||swe d
037 _c$9.96
040 _aAR-LpoUNG
_bspa
_cAR-LpoUNG
_eaacr
041 _aswe
044 _aag
082 0 _a940.18 499sep
100 1 _aBergman, Ingmar
_edir.
245 1 3 _aEl septimo sello
260 _aBuenos Aires :
_bCultural Video,
_c1957.
300 _aDVD (96 min.) : son., col.
520 _a<p>Un caballero regresa de las cruzadas con su escudero. En el camino encuentran la peste que está asolando el territorio. De repente la Muerte se le presenta al caballero, quien desea un plazo, no porque tema morir sino porque quiere un poco de conocimiento. La Muerte le permite jugar con ella al ajedrez, pero no está en capacidad de darle respuestas. Una familia de juglares, un clérigo desalmado, una muchacha acusada de brujería y otros personajes son los últimas encuentros del caballero antes de llegar a su castillo.</p>
650 4 _aDRAMA
651 4 _aSuecia
653 _aVIDEOS
905 _a19556
942 _cDVD
999 _c54585
_d54585